Coefficient regions for schlicht functions
Αποθηκεύτηκε σε:
| Κύριος συγγραφέας: | |
|---|---|
| Άλλοι συγγραφείς: | |
| Μορφή: | Βιβλίο |
| Γλώσσα: | English |
| Δημοσίευση: |
New York :
American Mathematical Society,
1950
|
| Σειρά: | Colloquium publications (American Mathematical Society)
; 35 |
| Θέματα: | |
| Ετικέτες: |
Προσθήκη ετικέτας
Δεν υπάρχουν, Καταχωρήστε ετικέτα πρώτοι!
|
MARC
| LEADER | 00000nam a2200000 i 4500 | ||
|---|---|---|---|
| 001 | 1/53983 | ||
| 008 | 941103s1950 eng d | ||
| 035 | |a 1994 |l 10044862 | ||
| 040 | |a GR-MY-UA |b gre |e aacr | ||
| 041 | 0 | |a eng | |
| 082 | 0 | |a 515.7 | |
| 100 | 1 | |a Schaeffer, Albert Charles |d 1907- | |
| 245 | 1 | 0 | |a Coefficient regions for schlicht functions / |c by A.C. Schaeffer and D.C. Spencer ; with a chapter on Te region of values of the derivative of a schlicht function by Arthur Grad |
| 260 | |a New York : |b American Mathematical Society, |c 1950 | ||
| 300 | |a xi, 311 p.; |b illus. (part col.); |c 26 cm. | ||
| 490 | 1 | |a Colloquium publications (American Mathematical Society) |v ; 35 | |
| 500 | |a Includes bibliographical references and index | ||
| 650 | 0 | 0 | |a Univalent functions. |
| 650 | 0 | 0 | |a Surfaces, Representation of. |
| 700 | 1 | |a Spencer, Donald Clayton |d 1912- | |
| 830 | 0 | |a Colloquium publications (American Mathematical Society) |v ; 35 | |
| 852 | |a INST |b SAMOS |e 19941103 |h 515.7 SCH |p 005300007310 |q 005300007310 |t BK |y 0 | ||
| 909 | |a Σ |b 034600 | ||